000 00769nam a2200241 4500
001 sa 68012177
003 DLC
005 20260227112607.0
008 940713r1967 ii c 000 0 eng
010 _asa 68012177 //r94
025 _aPL480:I-E-9282
040 _aDLC
_cDLC
_dDLC
050 0 0 _aLA2383.I6
_bS5
082 0 0 _a370/.922
245 0 0 _aSilhouettes in Indian education.
260 0 _a[New Delhi]
_bGovt. of India, Ministry of Education,
_c1966- [i.e. 1967-
300 _av.
_bports.
_c25 cm.
350 _a1.00
_a($0.36) (v. 1)
410 1 0 _a[India (Republic).
_bMinistry of Education]
_tPublication,
_vno. 780-
500 _aOriginally published in the Education quarterly.
650 0 _aEducators
_zIndia
_xBiography.
730 0 1 _aEducation quarterly.
999 _c84359
_d84359